Élimination par catégorie - Chaînes de la TNT française n°1 - Statistiques

Statistiques générales
  • Ce quiz a été pris 3 897 fois
  • Le résultat moyen est 17 sur 20
Statistiques - réponses
Groupe # Catégorie % Correct
Vert 12 Chaîne dont le nom contient un numéro...
100%
Vert 8 ...ne faisant ni partie du groupe France TV...
99%
Vert 6 ...ni du groupe TF1...
96%
Vert 4 ...dont le canal se situe avant celui de LCP...
94%
Jaune 16 Chaîne dont le canal se situe avant celui de CStar...
93%
Bleu 24 Chaîne disponible en haute définition...
93%
Jaune 11 ...mais après celui de France 5...
92%
Bleu 19 ...qualifiée de généraliste (programmes diffusés)...
92%
Jaune 9 ...ne faisant pas partie du groupe M6...
90%
Bleu 7 ...sans numéro dans son nom...
89%
Rose 19 Chaîne créée ou ayant changé de nom avant 2010...
88%
Jaune 3 ...étant spécialisée dans l'information...
87%
Rose 16 ...faisant partie d'un groupe de plusieurs chaînes...
87%
Rose 12 ...diffusée en clair gratuitement...
87%
Rose 5 ...du groupe France TV...
85%
Bleu 2 ...et sans T...
74%
Bleu 1 ...également qualifiée de jeunesse: Gulli
66%
Jaune 1 ...et créée par le Parlement: LCP/Public Sénat
65%
Vert 1 ...et dont le nom contient plus d'une lettre: NRJ 12
60%
Rose 1 ...et sans numéro dans son nom: France Ô
49%
Aucun quiz correspondant
Distribution des résultats
% des personnes avec chaque résultat
Percentile par nombre de réponses
Votre historique - résultats
Vous n’avez pas pris ce quiz